00880nam a2200241Ia 4500001000600000003000900006008004100015040001300056040001300069041001200082100002800094100002900122245003500151245003900186250001100225260001100236260001600247260004900263300005700312500019900369650003900568650003100607F7401IT-RoPAU130308s9999 xx 000 0 und d aIT-RoPAU cIT-RoPAU aINGLESE aDimitras Panayote Elias gCodice Aut. SPICS: 52705 aGreece: unbridled deregulation bDecentralization in The global Era a1a ed. aLONDRA bJohn Libbey c1995 [1° Ed.:1995 - Ed.Ling.Originale:1995] a"10 p. (prefazione: no ; testo: 10 [pagine: 83-92])" aGrecia: Deregolamentazione Sfrenata. Cornice Politica, nazione e Regioni. Lingua. Situazione Socio Economica. Situazione legale e Reale Mondo della tv in Grecia. tv regionale e locale in Grecia. aTEORIA DELLA COMUNICAZIONE SOCIALE eCodice materia Spics: 3802